000 00475nam a2200181Ia 4500
008 131103s9999 xx 000 0 und d
020 _a861255402
040 _aLoreto College
041 _aEnglish
082 _a511/STA
_bLCBED/10174
100 _aStaynor, E.V.
245 _aModern school arithmetic
_b book 7
_cE.V.Staynor
260 _aCalcutta
_bOrient longmans
_c1987
300 _a139p.
_c 22cm.
650 _aArithmetic
850 _aLCBED/511/STA
942 _cBK
999 _c28222
_d78701